| 000 | 00437nam a22001697a 4500 | ||
|---|---|---|---|
| 999 |
_c524331 _d524331 |
||
| 003 | NUST | ||
| 038 | _awaseem | ||
| 082 |
_a954.9143 _bREH |
||
| 100 |
_aRehmani, Anjum _915151 |
||
| 245 |
_aMurqa-e-Lahore / _cAnjum Rehmani |
||
| 260 |
_aLahore : _bkhan Book Company, _c2009. |
||
| 300 | _a432 p. ; | ||
| 500 | _aHardcover. | ||
| 880 |
_6100-01\r _6انجم رحمانی |
||
| 880 |
_6245-02\r _6مرقع لاہور / |
||
| 942 |
_2ddc _cBK |
||